Normal view
MARC view
- Chetahan B. J
Entry Personal Name
001 - CONTROL NUMBER
- control field: 7199
003 - CONTROL NUMBER IDENTIFIER
- control field: OSt
005 - DATE AND TIME OF LATEST TRANSACTION
- control field: 20250220150014.0
008 - FIXED-LENGTH DATA ELEMENTS
- fixed length control field: 250220|| aca||aabn | a|a d
040 ## - CATALOGING SOURCE
- Original cataloging agency: OSt
- Transcribing agency: OSt
100 ## - HEADING--PERSONAL NAME
- Personal name: Chetahan B. J
670 ## - SOURCE DATA FOUND
- Source citation: Work cat.: (OSt)19423: Chetahan B. J, Hydrological approach for conservation and management of water for sustainable rice production in kole lands of Thrissur /, 2025
